000 00498cam a2200205ua 4500
020 _c85.00
041 _aeng
_h
082 _a519.062
_bVIS/EN
100 _aVishwanath, .
245 _aEngineering mathematics, Vol 2 /
_cViswanath.
_hTextual Documents
250 _a16 /
_b.
260 _aNew Delhi :
_bSatya Prakshan ,
_c1995.
300 _a784 ; .
365 _a85.00
504 _a
700 1 _aAggarwal, B M .
942 _cBK
999 _c9695
_d9695